Cancionero folklórico de México : antología, glosario, índices /

Saved in:
Bibliographic Details
Other Authors: Frenk Alatorre, Margit (dir.) Conductor
Format: Book
Language:Español
Published: México : El Colegio de México, 1985, c1985
Subjects:
Tags: Add Tag
No Tags, Be the first to tag this record!

MARC

LEADER 00000nam^a2200000^a^4500
001 000054678
005 20250521000000.0
009 20260310090517.912
020 |a 968-12-0165-5 
037 |a Acervo ITESO - Biblioteca 
041 |a ESP 
082 |a 786. 16  |b CAN V. 5 
100 |a Frenk Alatorre, Margit  |e (dir.) 
240 1 1 |a [Cancionero folklórico de México] 
245 1 0 |a Cancionero folklórico de México :  |b antología, glosario, índices /  |c Dir. de M. Frenk Alatorre. 
264 4 |a México :  |b El Colegio de México,  |c 1985, c1985 
300 |a XI, 525 p. 
336 |a texto  |b txt  |2 rdacontenido 
337 |a sin mediación  |b n  |2 rdamedio 
338 |a volumen  |b nc  |2 rdasoporte 
649 |a XX 
650 |a Música Folklórica -  |z México -  |x Catálogos 
650 |a Música Folklórica -  |x Catálogos 
650 |a Música Popular -  |z México -  |x Catálogos 
650 |a Música Popular -  |x Catálogos 
650 |a Música Mexicana -  |x Catálogos 
650 |a Música -  |x Catálogos 
910 |a Fondo General 
920 |a Impresos - Libros 
930 |a Colección General 
905 |a 101 
901 |a 0500012890  |b IT1  |c ACC  |u 20250521 
902 |a https://opac.biblio.iteso.mx/vufind/Record/000054678